000 00326nam a2200133Ia 4500
008 191201s2005 xx 000 0 und d
100 _aROHANS
245 2 _aA Text Book of Synonyms and Antonyms
250 _a1st
260 _aN.Delhi
_bRohan Book Company
_c2005
300 _a524
650 _aGeneral Books
942 _2ddc
_cBK
999 _c2498
_d2498